| 000 | 00501nam a22001817a 4500 | ||
|---|---|---|---|
| 003 | BDDh-ASL | ||
| 005 | 20231015031058.0 | ||
| 008 | 221226s1901 u ||||| |||| 00| 0 ara d | ||
| 040 |
_aBDDh-ASL _cBDDh-ASL |
||
| 041 | _aara | ||
| 082 |
_a297 _bTAM |
||
| 100 | 1 |
_aTaymia, Ibn _96867 |
|
| 245 | 1 | 0 | _aMajmu'at Rasāilul Kubrá : / مجموعة الرسائل الكبرى |
| 260 |
_aEgypt : _c1901/1323H. |
||
| 300 |
_a880 p. : _c19 cm. |
||
| 650 | 0 |
_a Islamic Discourse _95142 |
|
| 942 |
_2ddc _cBK |
||
| 999 |
_c29851 _d29851 |
||